Flames of the chinar : (Record no. 130904)

MARC details
000 -LEADER
fixed length control field 00782nam a22002297a 4500
005 - DATE AND TIME OF LATEST TRANSACTION
control field 20170124110119.0
010 ## - LIBRARY OF CONGRESS CONTROL NUMBER
LC control number A-684757
020 ## - INTERNATIONAL STANDARD BOOK NUMBER
Terms of availability 00.00
035 ## - SYSTEM CONTROL NUMBER
System control number A-684757
037 ## - SOURCE OF ACQUISITION
Source of stock number/acquisition Cen Lib/Ret
040 ## - CATALOGING SOURCE
Original cataloging agency DPL
Language of cataloging EN
082 ## - DEWEY DECIMAL CLASSIFICATION NUMBER
Classification number 921
Item number MOH
100 ## - MAIN ENTRY--PERSONAL NAME
Personal name Mohammad Abdullah
9 (RLIN) 30388
245 ## - TITLE STATEMENT
Title Flames of the chinar :
Statement of responsibility, etc by Mohammad Abdullah; translated by Khushwant Singh
Remainder of title an autobiography /
260 ## - PUBLICATION, DISTRIBUTION, ETC. (IMPRINT)
Place of publication, distribution, etc New Delhi
Name of publisher, distributor, etc Viking
Date of publication, distribution, etc 1993
270 ## - ADDRESS
City New Delhi
Address 210, Chiranjiv Tower, 43, Nehru Place
Postal code 110019
300 ## - PHYSICAL DESCRIPTION
Extent xv,176p. :
Dimensions 21cm(Hb)
Other physical details ill.
650 ## - SUBJECT ADDED ENTRY--TOPICAL TERM
Topical term or geographic name as entry element Abdullah, Mohammad, -- Sheikh, -- 1905-1982
9 (RLIN) 30389
650 ## - SUBJECT ADDED ENTRY--TOPICAL TERM
Topical term or geographic name as entry element Jammu and Kashmir (India) -- Politics and government
9 (RLIN) 72302
700 ## - ADDED ENTRY--PERSONAL NAME
Personal name Khushwant Singh
9 (RLIN) 4831
942 ## - ADDED ENTRY ELEMENTS (KOHA)
Source of classification or shelving scheme Dewey Decimal Classification
Koha item type English Books
Classification part 921
Call number suffix MOH
Holdings
Withdrawn status Lost status Damaged status Not for loan Home library Current library Date acquired Source of acquisition Cost, normal purchase price Total Checkouts Total Renewals Full call number Barcode Date last seen Date checked out Copy number Cost, replacement price Price effective from Koha item type
        Central Library Central Library 10/07/2015 Cen Lib/Ret 0.00 1 1 921 MOH A-684757 18/10/2025 29/09/2025 1 0.00 10/07/2015 English Books

© Delhi Public Library
Hit Counter
free hit counter